<?xml version="1.0" encoding="UTF-8"?>
<record
    xmlns:xsi="http://www.w3.org/2001/XMLSchema-instance"
    xsi:schemaLocation="http://www.loc.gov/MARC21/slim http://www.loc.gov/standards/marcxml/schema/MARC21slim.xsd"
    xmlns="http://www.loc.gov/MARC21/slim">

  <leader>00318nam a22001337a 4500</leader>
  <controlfield tag="003">OSt</controlfield>
  <controlfield tag="008">240123b        |||||||| |||| 00| 0 eng d</controlfield>
  <datafield tag="020" ind1=" " ind2=" ">
    <subfield code="a">9789352763160</subfield>
  </datafield>
  <datafield tag="100" ind1=" " ind2=" ">
    <subfield code="a">DOSTOEVSKY,Fyodor</subfield>
  </datafield>
  <datafield tag="245" ind1=" " ind2=" ">
    <subfield code="a">Crime and Punishment</subfield>
  </datafield>
  <datafield tag="260" ind1=" " ind2=" ">
    <subfield code="a">UP</subfield>
    <subfield code="b">Om Books International</subfield>
    <subfield code="c">2018</subfield>
  </datafield>
  <datafield tag="300" ind1=" " ind2=" ">
    <subfield code="a">501</subfield>
  </datafield>
  <datafield tag="942" ind1=" " ind2=" ">
    <subfield code="2">ddc</subfield>
    <subfield code="c">BK</subfield>
  </datafield>
  <datafield tag="999" ind1=" " ind2=" ">
    <subfield code="c">12185</subfield>
    <subfield code="d">12185</subfield>
  </datafield>
  <datafield tag="952" ind1=" " ind2=" ">
    <subfield code="0">0</subfield>
    <subfield code="1">0</subfield>
    <subfield code="2">ddc</subfield>
    <subfield code="4">0</subfield>
    <subfield code="7">0</subfield>
    <subfield code="8">GENERAL</subfield>
    <subfield code="a">PIET</subfield>
    <subfield code="b">PIET</subfield>
    <subfield code="d">2024-01-13</subfield>
    <subfield code="e">Zafaa Books and Distributors</subfield>
    <subfield code="f">In rupees</subfield>
    <subfield code="g">299.00</subfield>
    <subfield code="k">ZBD0321</subfield>
    <subfield code="l">0</subfield>
    <subfield code="o">891.733 DOC</subfield>
    <subfield code="p">35383</subfield>
    <subfield code="r">2024-01-23 00:00:00</subfield>
    <subfield code="v">209.30</subfield>
    <subfield code="w">2024-01-13</subfield>
    <subfield code="y">REF</subfield>
  </datafield>
  <datafield tag="952" ind1=" " ind2=" ">
    <subfield code="0">0</subfield>
    <subfield code="1">0</subfield>
    <subfield code="2">ddc</subfield>
    <subfield code="4">0</subfield>
    <subfield code="7">0</subfield>
    <subfield code="8">GENERAL</subfield>
    <subfield code="a">PIET</subfield>
    <subfield code="b">PIET</subfield>
    <subfield code="d">2024-01-13</subfield>
    <subfield code="e">Zafaa Books and Distributors</subfield>
    <subfield code="f">In rupees</subfield>
    <subfield code="g">299.00</subfield>
    <subfield code="k">ZBD0321</subfield>
    <subfield code="l">7</subfield>
    <subfield code="o">891.733 DOC</subfield>
    <subfield code="p">35384</subfield>
    <subfield code="r">2026-06-01 10:43:08</subfield>
    <subfield code="s">2026-05-20</subfield>
    <subfield code="v">209.30</subfield>
    <subfield code="w">2024-01-13</subfield>
    <subfield code="y">BK</subfield>
  </datafield>
</record>
